Lino XIX novela
Guardado en:
| Autor principal: | |
|---|---|
| Formato: | Libro |
| Lenguaje: | Spanish |
| Publicado: |
San José, Costa Rica
Editorial de la Universidad de Costa Rica
1996
|
| Colección: | Colección Identidad Cultural
|
| Materias: | |
| Etiquetas: |
Agregar Etiqueta
Sin Etiquetas, Sea el primero en etiquetar este registro!
|
MARC
| LEADER | 00000nam a22000007a 4500 | ||
|---|---|---|---|
| 007 | ta | ||
| 008 | 131028s1996 cr ||||f |||| 000 f spa d | ||
| 020 | |a 9977673837 | ||
| 040 | |a CIICLA Universidad de Costa Rica | ||
| 082 | |2 21 |a CR863.4 P5858-L | ||
| 100 | 1 | |a Picado Umaña, Mario |d 1928-1 | |
| 245 | 0 | 0 | |a Lino XIX |b novela |c Mario Picado |h libro |
| 260 | |a San José, Costa Rica |b Editorial de la Universidad de Costa Rica |c 1996 | ||
| 300 | |a 120 páginas | ||
| 440 | 0 | 0 | |a Colección Identidad Cultural |
| 650 | 1 | 4 | |2 LEMB |9 13 |a LITERATURA COSTARRICENSE |x NOVELA |
| 942 | |2 ddc |c BK | ||
| 999 | |c 767 |d 767 | ||



